000 00512nam a22001577a 4500
003 NUST
082 _a610
100 _a AKHTER ,MALIK NAVEED
_9121583
245 _aDESIGN AND DEVELOPMENT OF SOFT EXOSKELETAL GLOVE /
_cMALIK NAVEED AKHTER
264 _aIslamabad :
_bSMME- NUST;
_c2019.
300 _a43p. ;
_bSoft Copy
_c33cm.
650 _aMS Biomedical Engineering (BME)
_9119509
700 _aDr Jawad Aslam
_925775
856 _uhttp://10.250.8.41:8080/xmlui/handle/123456789/8396
942 _2ddc
_cTHE
999 _c608408
_d608408